eSports: CS:GO #1 - Statistics

General Stats
  • This quiz has been taken 463 times
  • The average score is 6 of 20
Answer Stats
Position Team % Correct
1 Astralis
81%
2 FaZe Clan
72%
8 G2 eSports
72%
3 Fnatic
71%
5 Ninjas in Pyjamas
65%
4 Team EnVyUs
51%
20 BIG
36%
7 Mousesports.CS
36%
11 North
32%
13 Team LDLC
27%
9 Heroic
25%
6 Team Dignitas.CS
23%
10 GODSENT
16%
14 HellRaisers
13%
17 NRG eSports
9%
12 Epsilon eSports
6%
19 Rogue.
3%
16 Alternate aTTaX
2%
15 iGame.com
1%
18 Platinium eSports
0%
No matching quizzes found
Score Distribution
Percent of People with Each Score
Percentile by Number Answered
Your Score History
You have not taken this quiz